[Event "16eme open"]
[Site "Louviers"]
[Date "2013.05.08"]
[Round "1"]
[White "Rousselin, Marc"]
[Black "Boizante, Yvain"]
[Result "0-1"]
[WhiteElo "1626"]
[BlackElo "2201"]
[PlyCount "76"]
[EventDate "2012.05.13"]
[SourceDate "2013.05.11"]

1. e4 c5 2. Nf3 d6 3. d4 cxd4 4. Nxd4 Nf6 5. Nc3 Nc6 6. Bg5 e6 7. Qd2 Be7 8.
O-O-O a6 9. f4 Qc7 10. Kb1 O-O 11. Be2 Bd7 12. g4 Rac8 13. h4 b5 14. Bf3 Rfd8
15. Nb3 Be8 16. h5 b4 17. Ne2 d5 18. e5 Ne4 19. Bxe4 dxe4 20. Qe3 Bxg5 21. fxg5
Nxe5 22. Ned4 Bc6 23. g6 hxg6 24. hxg6 Nxg6 25. Rh5 e5 26. Rdh1 exd4 27. Qh3
Kf8 28. Rg5 Bb5 29. Nc5 Qxc5 30. Rxc5 Rxc5 31. b3 d3 32. Qe3 dxc2+ 33. Kc1 Rcd5
34. Kxc2 Rd2+ 35. Kc1 R8d4 36. Re1 R2d3 37. Qg5 Rc3+ 38. Kb1 e3 0-1

[Event "16eme open Louviers"]
[Site "?"]
[Date "2013.05.08"]
[Round "1"]
[White "Chalmeton, Guillaume"]
[Black "Houriez, Philippe"]
[Result "1-0"]
[WhiteElo "2077"]
[BlackElo "1616"]
[PlyCount "56"]
[EventDate "2012.05.13"]
[SourceDate "2013.05.11"]

1. b3 Nf6 2. Bb2 e6 3. e3 d5 4. Nf3 Bd6 5. c4 c6 6. Be2 O-O 7. O-O Nbd7 8. cxd5
exd5 9. Qc2 Qc7 10. Nc3 Re8 11. Rac1 a6 12. h3 Ne5 13. Nd4 Qd8 14. Nf5 Bc7 15.
f4 Ng6 16. Bf3 Bxf5 17. Qxf5 Nh4 18. Qg5 Nxf3+ 19. Rxf3 d4 20. Ne2 h6 {(=)} 21.
Qh4 c5 22. Ng3 Bb6 23. Nf5 Ne4 24. Qg4 Qf6 25. d3 Nd6 26. Nxd6 Qxd6 27. Rg3 g6
28. e4 h5 1-0

[Event "16eme open Louviers"]
[Site "?"]
[Date "2013.05.08"]
[Round "1"]
[White "Roche, Jan-Francois"]
[Black "Levesque, Thomas"]
[Result "0-1"]
[WhiteElo "1610"]
[BlackElo "1899"]
[PlyCount "70"]
[EventDate "2012.05.13"]
[SourceDate "2013.05.11"]

1. Nf3 Nf6 2. b3 g6 3. Bb2 Bg7 4. e3 d6 5. Nc3 O-O 6. Be2 e5 7. d3 c6 8. Qd2
Qe7 9. h3 h6 10. O-O-O Ne8 11. Kb1 f5 12. e4 Be6 13. g3 Nd7 14. Nh4 Qf7 15.
Rdf1 d5 16. exf5 gxf5 17. Ng2 d4 18. Nd1 a5 19. c4 dxc3 20. Nxc3 b5 21. Bd1 Nb6
22. Bc2 b4 23. Na4 Nxa4 24. bxa4 Bxa2+ 25. Kc1 Bd5 26. f3 Nd6 27. Ne3 Be6 28.
f4 exf4 29. Rxf4 Rad8 30. Bb1 Ne4 31. Qg2 Nc5 32. d4 Bxd4 33. Nxf5 Nb3+ 34. Kc2
Bxf5+ 35. Rxf5 Qc4+ 0-1

[Event "16eme open Louviers"]
[Site "?"]
[Date "2013.05.08"]
[Round "1"]
[White "Dhieux, Francky"]
[Black "Blondel, Jean-Michel"]
[Result "1-0"]
[WhiteElo "1948"]
[BlackElo "1541"]
[PlyCount "55"]
[EventDate "2012.05.13"]
[SourceDate "2013.05.11"]

1. d4 d5 2. c4 e6 3. Nc3 Bb4 4. cxd5 exd5 5. e3 Bxc3+ 6. bxc3 Nf6 7. Ba3 a6 8.
Bd3 Nbd7 9. Ne2 c6 10. O-O Ng8 11. Ng3 Ndf6 12. e4 dxe4 13. Re1 Be6 14. Nxe4
Nxe4 15. Rxe4 Ne7 16. Qh5 Qd5 17. Re5 Qd7 18. Qh4 h6 19. f4 f6 20. Rxe6 Qxe6
21. Re1 Qxa2 22. Bxe7 Kd7 23. Qh3+ Kc7 24. c4 Qd2 25. Qg3 f5 26. c5 b5 27. Bd6+
Kb7 28. Qxg7+ 1-0

[Event "16eme open Louviers"]
[Site "?"]
[Date "2013.05.08"]
[Round "1"]
[White "Jolly, Hugo"]
[Black "Blondel, Jerome"]
[Result "0-1"]
[WhiteElo "1520"]
[BlackElo "1936"]
[PlyCount "50"]
[EventDate "2012.05.13"]
[SourceDate "2013.05.11"]

1. e4 d5 2. exd5 Qxd5 3. Nc3 Qd6 4. Nf3 Nf6 5. h3 a6 6. Bc4 b5 7. Bb3 Bb7 8. a3
c5 9. d3 Nc6 10. O-O Nd4 11. Nxd4 cxd4 12. Ne2 Qc6 13. f3 e5 14. Ng3 Nd5 15.
Qe2 f6 16. Nf5 O-O-O 17. Bd2 g6 18. Ng3 Bc5 19. Ne4 Bb6 20. Kh1 f5 21. Ng5 Qf6
22. c4 dxc3 23. bxc3 h6 24. h4 hxg5 25. Bxg5 Qxg5 0-1

[Event "16eme open Louviers"]
[Site "?"]
[Date "2013.05.08"]
[Round "1"]
[White "Vigneron, Frederic"]
[Black "Grenet, Dominique"]
[Result "1-0"]
[WhiteElo "1923"]
[BlackElo "1489"]
[PlyCount "55"]
[EventDate "2012.05.13"]
[SourceDate "2013.05.11"]

1. d4 Nf6 2. c4 d5 3. cxd5 Qxd5 4. Nc3 Qd8 5. Nf3 e6 6. Bg5 Be7 7. e3 O-O 8.
Bd3 b6 9. Rc1 Bb7 10. O-O Nd5 11. Bxe7 Nxe7 12. Bb1 Ng6 13. Ne4 Nd7 14. Neg5
Nf6 15. h4 Qe7 16. Re1 Rac8 17. e4 h6 18. e5 Nh7 19. Nxh7 Nxh4 20. Nxh4 Qxh4
21. Re3 Rfd8 22. Rh3 Qxd4 23. Qxd4 Rxd4 24. Rg3 Kh8 25. Rd3 Rg4 26. f3 Rg3 27.
Rd7 Bxf3 28. Kf2 1-0

[Event "16eme open Louviers"]
[Site "?"]
[Date "2013.05.08"]
[Round "1"]
[White "Jolly, Arthur"]
[Black "Andrieu, Philippe"]
[Result "0-1"]
[WhiteElo "1440"]
[BlackElo "1898"]
[PlyCount "64"]
[EventDate "2012.05.13"]
[SourceDate "2013.05.11"]

1. c4 e5 2. Nc3 Nf6 3. g3 Nc6 4. Bg2 Bc5 5. e3 O-O 6. Nge2 Re8 7. O-O a6 8. a3
d6 9. b4 Ba7 10. Rb1 Bf5 11. Rb2 Bd3 12. b5 axb5 13. cxb5 Na5 14. Rb4 Bc5 15.
Ra4 c6 16. bxc6 bxc6 17. Re1 Bc4 18. Rxc4 Nxc4 19. Bxc6 Nxa3 20. Bxe8 Qxe8 21.
Bxa3 Rxa3 22. d4 Bb4 23. Qc2 exd4 24. Qb2 Bxc3 25. Nxc3 Rxc3 26. Kg2 Qe4+ 27.
Kf1 Qh1+ 28. Ke2 d3+ 29. Kd1 Qf3+ 30. Re2 dxe2+ 31. Kd2 Ne4+ 32. Ke1 Qxf2# 0-1

[Event "16eme open Louviers"]
[Site "?"]
[Date "2013.05.08"]
[Round "1"]
[White "Guillaumat, Jean-Pierre"]
[Black "Bonte, Gerard"]
[Result "1-0"]
[WhiteElo "1848"]
[BlackElo "1420"]
[PlyCount "117"]
[EventDate "2012.05.13"]
[SourceDate "2013.05.11"]

1. d4 Nf6 2. Bg5 e6 3. Nd2 Be7 4. e3 b6 5. Ngf3 Bb7 6. Bd3 d6 7. c4 Nbd7 8. Rc1
c5 9. O-O O-O 10. Re1 Ne8 11. Bxe7 Qxe7 12. e4 cxd4 13. Nxd4 Nc5 14. Bb1 Rd8
15. Nf1 g6 16. Ng3 Qg5 17. Nf3 Qf6 18. Qd2 e5 19. Qg5 Ne6 20. Qxf6 Nxf6 21.
Red1 Rd7 22. Rd2 Nc5 23. Re2 Rfd8 24. h3 Kg7 25. Rd1 h6 26. Bc2 Bc6 27. b4 Ne6
28. Red2 Kf8 29. Nh4 Nd4 30. Bb1 Ba4 31. Rc1 Bc6 32. Rc3 Bb7 33. Nf3 Ne6 34.
Ne1 Ng5 35. f3 Ne6 {(=)} 36. Ne2 g5 37. g3 Nh5 38. Kf2 Ke7 39. Ng2 Nf6 40. Ne3
Ng7 41. Nd5+ Bxd5 42. cxd5 Nge8 43. Rdc2 Kf8 44. Rc1 Ke7 45. Bd3 Kf8 46. Ba6
Ke7 47. Bc8 Ng8 48. Rc6 Ngf6 49. R1c2 Ng8 50. a4 Ngf6 51. Nc1 Nh7 52. Nd3 f6
53. b5 Nf8 54. Nb4 Ng6 55. R6c3 Nf8 56. Nc6+ Kf7 57. Bxd7 Rxd7 58. Nb8 Rb7 59.
Rc8 1-0

[Event "16eme open Louviers"]
[Site "?"]
[Date "2013.05.08"]
[Round "1"]
[White "Varigault, Nicole"]
[Black "Berrou, Andre"]
[Result "0-1"]
[WhiteElo "1190"]
[BlackElo "1794"]
[PlyCount "46"]
[EventDate "2012.05.13"]
[SourceDate "2013.05.11"]

1. e4 e5 2. Nf3 Nf6 3. d3 Nc6 4. Be2 h6 5. O-O Bc5 6. h3 d5 7. Nc3 Be6 8. a3 a6
9. b4 Bd6 10. Na4 dxe4 11. dxe4 Nxe4 12. Be3 b5 13. Nc5 Bxc5 14. Bxc5 Nxc5 15.
bxc5 Qe7 16. Nh2 Rd8 17. Qb1 Qxc5 18. Bf3 O-O 19. Bxc6 Qxc6 20. Ng4 Bxg4 21.
hxg4 Rd4 22. f3 Qc5 23. Ra2 Rd1+ 0-1

[Event "16eme open Louviers"]
[Site "?"]
[Date "2013.05.08"]
[Round "1"]
[White "Deheij, Gerrit"]
[Black "Voegele, Francois-Marie"]
[Result "1-0"]
[WhiteElo "1720"]
[BlackElo "1090"]
[PlyCount "45"]
[EventDate "2012.05.13"]
[SourceDate "2013.05.11"]

1. e4 c5 2. Nf3 d6 3. d4 cxd4 4. c3 dxc3 5. Nxc3 Nc6 6. Bb5 Bd7 7. O-O e6 8.
Re1 Be7 9. b3 Nf6 10. Bb2 O-O 11. Rc1 Rc8 12. Ba3 Qc7 13. Bxc6 Bxc6 14. Bb2
Rfe8 15. Nb5 Qb6 16. Nxd6 Bxd6 17. Qxd6 Rcd8 18. Qg3 Nh5 19. Qg5 g6 20. g4 Ng7
21. Bf6 Qb5 22. Qh6 Rd3 23. Qxg7# 1-0

[Event "16eme open Louviers"]
[Site "?"]
[Date "2013.05.08"]
[Round "1"]
[White "Vieren-Hamelet, Richard"]
[Black "Arinal, Serge"]
[Result "0-1"]
[WhiteElo "1080"]
[BlackElo "1636"]
[PlyCount "38"]
[EventDate "2012.05.13"]
[SourceDate "2013.05.11"]

1. Nf3 Nf6 2. c4 e6 3. d4 c6 4. h3 d5 5. c5 Nbd7 6. Nc3 Be7 7. e3 b6 8. Bd3
bxc5 9. dxc5 Nxc5 10. Ne5 Nxd3+ 11. Qxd3 Qc7 12. f4 a5 13. a3 Ba6 14. Qd4 c5
15. Qa4+ Kf8 16. Kd2 Ne8 17. Nc6 Bf6 18. Nxa5 Bb7 19. Nxb7 Rxa4 0-1

[Event "16eme open Louviers"]
[Site "?"]
[Date "2013.05.08"]
[Round "2"]
[White "Berrou, Andre"]
[Black "Dhieux, Francky"]
[Result "0-1"]
[WhiteElo "1794"]
[BlackElo "1948"]
[PlyCount "88"]
[EventDate "2012.05.13"]
[SourceDate "2013.05.12"]

1. e4 c5 2. Nc3 d6 3. f4 g6 4. Nf3 Bg7 5. Bc4 Nf6 6. O-O O-O 7. h3 Nc6 8. a3 a6
9. d3 b5 10. Ba2 b4 11. axb4 cxb4 12. Ne2 Qb6+ 13. Kh2 e6 14. Nd2 Qc7 15. Nc4
d5 16. exd5 exd5 17. Ne3 Ne7 18. g3 Bd7 19. c3 a5 20. Bd2 Qb7 21. Nd4 Bb5 22.
Bb1 Nc6 23. Nxb5 Qxb5 24. d4 a4 25. Be1 Rfe8 26. Bd3 Qb6 27. Ng4 Nxg4+ 28. hxg4
a3 29. bxa3 b3 30. Qb1 b2 31. Ra2 Rab8 32. Bf2 Qb3 33. Be1 Re3 34. Bc2 Qb5 35.
Rf2 Na5 36. Bd2 Re2 37. Qf1 Rxf2+ 38. Qxf2 b1=Q 39. Bxb1 Qxb1 40. Be3 Nc4 41.
Re2 Re8 42. f5 Nxe3 43. Rxe3 Rxe3 44. Qxe3 gxf5 0-1

[Event "16eme open Louviers"]
[Site "?"]
[Date "2013.05.08"]
[Round "2"]
[White "Boizante, Yvain"]
[Black "Vigneron, Frederic"]
[Result "1-0"]
[WhiteElo "2201"]
[BlackElo "1923"]
[PlyCount "69"]
[EventDate "2012.05.13"]
[SourceDate "2013.05.12"]

1. d4 Nf6 2. c4 c5 3. d5 b5 4. cxb5 a6 5. Nc3 axb5 6. e4 b4 7. Nb5 d6 8. Bf4 g5
9. e5 gxf4 10. exf6 e5 11. dxe6 Bxe6 12. Qf3 Rxa2 13. Rxa2 Bxa2 14. Qxf4 Be6
15. Nf3 Qa5 16. Nxd6+ Bxd6 17. Qxd6 Qa1+ 18. Qd1 Qxd1+ {(=)} 19. Kxd1 O-O 20.
Bb5 Nd7 21. Bxd7 Bxd7 22. Ne5 Ba4+ 23. Ke2 Re8 24. f4 Re6 25. Ra1 Ra6 26. Ke3
Bb5 27. Rxa6 Bxa6 28. Nd3 h5 29. Nxc5 Bb5 30. Nd3 Kh7 31. Nxb4 Kg6 32. Nd5 Kf5
33. b4 Bf1 34. Kd4 Bxg2 35. Ne3+ 1-0

[Event "16eme open Louviers"]
[Site "?"]
[Date "2013.05.08"]
[Round "2"]
[White "Andrieu, Philippe"]
[Black "Chalmeton, Guillaume"]
[Result "0-1"]
[WhiteElo "1898"]
[BlackElo "2077"]
[PlyCount "84"]
[EventDate "2012.05.13"]
[SourceDate "2013.05.12"]

1. c4 e5 2. Nc3 Nf6 3. g3 Nc6 4. Bg2 Bb4 5. a3 Bxc3 6. dxc3 O-O 7. Qc2 h6 8.
Nf3 d6 9. Nh4 Be6 10. b3 Qd7 11. h3 Rae8 12. e4 Ne7 13. f4 exf4 14. gxf4 Nf5
15. Qf2 Nxh4 16. Qxh4 Nxe4 17. O-O Bf5 18. Rf3 Re6 19. Be3 Rfe8 20. Rc1 c5 21.
Kh2 b5 22. Bf1 Qb7 23. Bg2 bxc4 24. b4 a5 25. Qe1 Qe7 26. bxa5 Qa7 27. Qd1 Nf6
28. Bg1 Qxa5 29. a4 Rb8 30. Re3 Rb2 31. Rxe6 fxe6 32. Qxd6 Be4 33. Qxe6+ Kh7
34. h4 Rxg2+ 35. Kh3 Qd8 36. Re1 Qd2 37. Rxe4 Rxg1 38. Re2 Qxf4 39. Qe3 Qf5+
40. Kh2 Ng4+ 41. Kxg1 Nxe3 42. Rxe3 Qg4+ 0-1

[Event "16eme open Louviers"]
[Site "?"]
[Date "2013.05.08"]
[Round "2"]
[White "Levesque, Thomas"]
[Black "Guillaumat, Jean-Pierre"]
[Result "1-0"]
[WhiteElo "1989"]
[BlackElo "1848"]
[PlyCount "87"]
[EventDate "2012.05.13"]
[SourceDate "2013.05.12"]

1. d4 d5 2. c4 c6 3. Nc3 Nf6 4. Nf3 e6 5. a4 Bd6 6. g3 Nbd7 7. Bg2 O-O 8. O-O
Re8 9. Bg5 h6 10. Bxf6 Nxf6 11. Qc2 e5 12. dxe5 Bxe5 13. Nxe5 Rxe5 14. cxd5
cxd5 15. Rfd1 Qa5 16. Qd2 Be6 17. Qd4 Rh5 18. b4 Qb6 19. f4 Rc8 20. Nb5 Rc4 21.
Qxb6 axb6 22. Rd4 Bg4 23. Rxc4 dxc4 24. e4 Rxb5 25. axb5 Bd7 26. e5 Ng4 27. Be4
g6 28. Ra3 h5 29. h3 Nh6 30. Kg2 Bxb5 31. Bxb7 Nf5 32. Bd5 Kg7 33. g4 hxg4 34.
hxg4 Nd4 35. Ra7 Be8 36. e6 Bc6 37. Bxc6 Nxe6 38. Kg3 c3 39. Bd5 c2 40. Ra1 Nd4
41. Kf2 f5 42. g5 Nb5 43. Bc4 Nc3 44. Bb3 1-0

[Event "16eme open Louviers"]
[Site "?"]
[Date "2013.05.08"]
[Round "2"]
[White "Blondel, Jerome"]
[Black "Deheij, Gerrit"]
[Result "1-0"]
[WhiteElo "1936"]
[BlackElo "1720"]
[PlyCount "49"]
[EventDate "2012.05.13"]
[SourceDate "2013.05.12"]

1. Nf3 d5 2. d4 Nf6 3. Bf4 e6 4. e3 c5 5. Nc3 a6 6. a4 cxd4 7. exd4 Bb4 8. Bd3
O-O 9. O-O Nc6 10. h3 Qb6 11. Re1 h6 12. g4 Ne7 13. g5 hxg5 14. Bxg5 Nd7 15.
Bxe7 Bxe7 16. Nxd5 exd5 17. Rxe7 Qh6 18. h4 Nf6 19. Qd2 Qh5 20. Qf4 Bg4 21. Re5
Qh8 22. Rg5 Bxf3 23. Qxf3 Qxh4 24. Qxf6 g6 25. Bxg6 1-0

[Event "16eme open Louviers"]
[Site "?"]
[Date "2013.05.08"]
[Round "2"]
[White "Arinal, Serge"]
[Black "Rousselin, Marc"]
[Result "1-0"]
[WhiteElo "1636"]
[BlackElo "1626"]
[PlyCount "89"]
[EventDate "2012.05.13"]
[SourceDate "2013.05.12"]

1. Nf3 c5 2. c4 Nc6 3. g3 g6 4. Bg2 Bg7 5. Nc3 d6 6. O-O e5 7. d3 Nge7 8. Ne4
O-O 9. Bg5 f6 10. Be3 Be6 11. Nc3 Rb8 12. a3 a6 13. Ne1 Nd4 14. Rb1 b5 15. cxb5
axb5 16. b4 c4 17. Bxd4 exd4 18. Ne4 c3 19. Nc2 f5 20. Ng5 Bc8 21. Nf3 Qb6 22.
e3 dxe3 23. Nxe3 d5 24. d4 f4 25. Nc2 fxg3 26. hxg3 Bg4 27. Qd3 Bxf3 28. Bxf3
Rbc8 29. Rb3 Qf6 30. Kg2 Qf5 31. Qe2 Qd7 32. Bg4 Nf5 33. Ne3 Qc6 34. Nc2 Rce8
35. Qd3 Re4 36. Rxc3 Rxd4 37. Nxd4 Qf6 38. Nxf5 gxf5 39. Qxd5+ Kh8 40. Rc6 Qb2
41. Bxf5 Qxa3 42. Qxb5 Qa8 43. g4 h6 44. Rfc1 h5 45. Rh1 1-0

[Event "16eme open Louviers"]
[Site "?"]
[Date "2013.05.08"]
[Round "2"]
[White "Houriez, Philippe"]
[Black "Jolly, Arthur"]
[Result "1/2-1/2"]
[WhiteElo "1616"]
[BlackElo "1440"]
[PlyCount "41"]
[EventDate "2012.05.13"]
[SourceDate "2013.05.12"]

1. c4 e5 2. Nc3 Nf6 3. g3 c6 4. Bg2 Bc5 5. e3 O-O 6. Nge2 d6 7. Ne4 Nxe4 8.
Bxe4 Be6 9. d4 Bb4+ 10. Bd2 Bxd2+ 11. Qxd2 Bxc4 12. Qb4 Ba6 13. dxe5 dxe5 14.
Rd1 Qg5 15. h4 Qf6 16. Rd6 Qe7 17. Qd2 Bxe2 18. Kxe2 a6 19. Rd1 g6 20. Qa5 Kg7
21. Bc2 1/2-1/2

[Event "16eme open Louviers"]
[Site "?"]
[Date "2013.05.08"]
[Round "2"]
[White "Bonte, Gerard"]
[Black "Roche, Jan-FRancois"]
[Result "0-1"]
[WhiteElo "1420"]
[BlackElo "1610"]
[PlyCount "66"]
[EventDate "2012.05.13"]
[SourceDate "2013.05.12"]

1. c4 f5 2. d4 d6 3. Nf3 Nf6 4. g3 g6 5. Bg2 Bg7 6. O-O O-O 7. Nc3 h6 8. Qc2
Nc6 9. a3 Qe8 10. e3 e5 11. d5 Nb8 12. b4 Na6 13. Bb2 c6 14. Rfd1 e4 15. Ne1
Ng4 16. dxc6 bxc6 17. Rxd6 Be5 18. Rd2 Be6 19. Bf1 Qe7 20. c5 h5 21. Bxa6 h4
22. Bf1 hxg3 23. fxg3 Nxe3 24. Qc1 Nxf1 25. Kxf1 Bc4+ 26. Ne2 Bd5 27. Bxe5 Qxe5
28. Nf4 e3 29. Re2 Qe4 30. Neg2 Bc4 31. Nxg6 Bxe2+ 32. Ke1 Qxg2 33. Nxf8 Qf1#
0-1

[Event "16eme open Louviers"]
[Site "?"]
[Date "2013.05.08"]
[Round "2"]
[White "Blondel, Jean-Michel"]
[Black "Varigault, Nicole"]
[Result "1-0"]
[WhiteElo "1541"]
[BlackElo "1190"]
[PlyCount "91"]
[EventDate "2012.05.13"]
[SourceDate "2013.05.12"]

1. e4 e5 2. Nf3 Nc6 3. Bc4 h6 4. O-O Nf6 5. Re1 Be7 6. d4 exd4 7. Nxd4 Nxd4 8.
Qxd4 O-O 9. Nc3 c5 10. Qd1 d6 11. Bf4 a6 12. Re3 b5 13. Bf1 Bb7 14. Nd5 Bxd5
15. exd5 Nh5 16. Qxh5 Bf6 17. c3 Ra7 18. Qg4 Re7 19. Rxe7 Qxe7 20. Bxh6 Qe5 21.
Rd1 Kh7 22. Bf4 Qe7 23. Bd3+ g6 24. Kf1 Rh8 25. Qg3 Be5 26. Bxe5 dxe5 27. h3
Kg7 28. Re1 c4 29. Bc2 Rh5 30. Bd1 Rg5 31. Qh4 f6 32. f4 Rf5 33. Bc2 Rxf4+ 34.
Qxf4 g5 35. Qf5 Kf8 36. Qe6 a5 37. Qxe7+ Kxe7 38. Bf5 Kd6 39. Be6 f5 40. g3 Kc5
41. Rxe5 b4 42. cxb4+ axb4 43. Rxf5 c3 44. bxc3 bxc3 45. Rf2 Kd6 46. a4 1-0

[Event "16eme open Louviers"]
[Site "?"]
[Date "2013.05.08"]
[Round "2"]
[White "Voegele, Francois-Marie"]
[Black "Jolly, Hugo"]
[Result "0-1"]
[WhiteElo "1090"]
[BlackElo "1520"]
[PlyCount "72"]
[EventDate "2012.05.13"]
[SourceDate "2013.05.12"]

1. f4 c5 2. e4 d6 3. d3 Nf6 4. Nc3 a6 5. Nf3 Nc6 6. Be2 b5 7. a3 Bb7 8. O-O e5
9. fxe5 dxe5 10. Bd2 Bd6 11. Re1 O-O 12. Rc1 Bc7 13. Rf1 Nd4 14. Kh1 Nxf3 15.
Bxf3 Qd4 16. Qe2 Rfd8 17. Be3 Qd6 18. Qd2 c4 19. Be2 Qe7 20. Rf3 Nxe4 21. Nxe4
Bxe4 22. Rh3 cxd3 23. cxd3 Bf5 24. Rh5 Bg6 25. Rg5 Qd6 26. Bc5 Qe6 27. Qe3 h6
28. Rg3 e4 29. Bg4 Qf6 30. Rh3 Bf4 31. Bd4 Rxd4 32. Qg1 Bxc1 33. Qxc1 exd3 34.
Bf3 d2 35. Qd1 Rc8 36. Kg1 Rc1 0-1

[Event "16eme open Louviers"]
[Site "?"]
[Date "2013.05.08"]
[Round "2"]
[White "Grenet, Dominique"]
[Black "Vieren-Hamelet, Richard"]
[Result "1-0"]
[WhiteElo "1489"]
[BlackElo "1080"]
[PlyCount "73"]
[EventDate "2012.05.13"]
[SourceDate "2013.05.12"]

1. e4 e5 2. Nf3 Nc6 3. d4 d6 4. dxe5 dxe5 5. Qxd8+ Kxd8 6. Nc3 Be6 7. Bb5 Nge7
8. O-O a6 9. Bxc6 Nxc6 10. b3 h6 11. Bb2 f6 12. Nh4 Rh7 13. Nf5 Bxf5 14. exf5
Bd6 15. Rfd1 Ke8 16. a3 Ne7 17. g4 Rd8 18. Ne4 h5 19. h3 hxg4 20. hxg4 Rh4 21.
f3 g6 22. Nxf6+ Kf7 23. Ne4 gxf5 24. Nxd6+ cxd6 25. g5 Nc8 26. Bxe5 Rg8 27. Bf6
Re8 28. Re1 Ne7 29. c4 Ng6 30. Rxe8 Kxe8 31. Rd1 Nf4 32. Kf2 Kf7 33. Kg3 Ng6
34. Rxd6 f4+ 35. Kg2 Ne7 36. Rd7 Rh7 37. Rxe7+ 1-0

[Event "16eme open Louviers"]
[Site "?"]
[Date "2013.05.09"]
[Round "3"]
[White "Dhieux, Francky"]
[Black "Boizante, Yvain"]
[Result "0-1"]
[WhiteElo "1948"]
[BlackElo "2201"]
[PlyCount "56"]
[EventDate "2012.05.13"]
[SourceDate "2013.05.12"]

1. e4 c5 2. Nc3 Nc6 3. f4 g6 4. Nf3 Bg7 5. Bc4 e6 6. O-O Nge7 7. d3 d5 8. Bb3
O-O 9. Kh1 Nd4 10. g4 dxe4 11. dxe4 Nec6 12. Bc4 b6 13. Bd3 Bb7 14. Be3 Rc8 15.
Kg1 Nxf3+ 16. Rxf3 Nd4 17. Rh3 Qe7 18. Rc1 c4 19. Bf1 Rfd8 20. Qe1 f5 21. g5
fxe4 22. Bg2 Nf3+ 23. Bxf3 exf3 24. Qf2 Qd7 25. Re1 e5 26. Qh4 exf4 27. Qxh7+
Kf7 28. Rh6 Qg4+ 0-1

[Event "16eme open Louviers"]
[Site "?"]
[Date "2013.05.08"]
[Round "3"]
[White "Chalmeton, Guillaume"]
[Black "Blondel, Jerome"]
[Result "0-1"]
[WhiteElo "2077"]
[BlackElo "1936"]
[PlyCount "110"]
[EventDate "2012.05.13"]
[SourceDate "2013.05.12"]

1. e4 d5 2. exd5 Qxd5 3. Nf3 Nf6 4. Be2 Bf5 5. O-O e6 6. Nc3 Qd6 7. Nb5 Qb6 8.
Ne5 a6 9. Nc4 Qxb5 10. Nd6+ Bxd6 11. Bxb5+ axb5 12. Qe2 c6 13. d3 O-O 14. h3
Nbd7 15. g4 Bg6 16. h4 h5 17. g5 Nd5 18. f4 Ne7 19. b3 Nf5 20. Bb2 Ng3 21. Qf2
Nxf1 22. Bxg7 Bxf4 23. Qxf4 Kxg7 24. Qd4+ Kg8 25. Kxf1 Rfd8 26. a4 Nf8 27. Qb6
Rd7 28. a5 Ra6 29. Qc5 Rd5 30. Qe7 Rd7 31. Qc5 Bf5 32. Qe5 Ng6 33. Qb8+ Kg7 34.
Qe8 e5 35. b4 Be6 36. Re1 Rd4 37. Re4 Rd7 38. d4 Bf5 39. Rxe5 Bh3+ 40. Kf2 Rxd4
41. Re3 Bg4 42. Qb8 Rxb4 43. Qxb7 Rxa5 44. Qxc6 Rf4+ 45. Kg3 b4 46. Re8 Ra3+
47. Kh2 Rh3+ 48. Kg1 Bf3 49. Rg8+ Kxg8 50. Qc8+ Kg7 51. Qxh3 Nxh4 52. Qh2 Ng6
53. Kf2 Bg4+ 54. Ke3 h4 55. Qd2 h3 0-1

[Event "16eme open Louviers"]
[Site "Louviers"]
[Date "2013.05.09"]
[Round "4"]
[White "Boizante, Yvain"]
[Black "Levesque, Thomas"]
[Result "1-0"]
[WhiteElo "2201"]
[BlackElo "1989"]
[PlyCount "79"]
[EventDate "2012.05.13"]
[SourceDate "2013.05.12"]

1. d4 f5 2. c4 Nf6 3. Nf3 e6 4. g3 b6 5. Bg2 Bb7 6. O-O Be7 7. Nc3 O-O 8. d5
Bb4 9. Nd4 Bxc3 10. bxc3 Re8 11. Bg5 Na6 12. dxe6 Bxg2 13. Bxf6 Qxf6 14. exd7
Red8 15. Kxg2 Rxd7 16. Qc2 g6 17. e4 f4 18. Rae1 Rf7 19. e5 f3+ 20. Kg1 Qe7 21.
Re3 Raf8 22. Rfe1 c5 23. e6 Rf6 24. Nc6 Qd6 25. Nxa7 Re8 26. Nb5 Qf8 {(=)} 27.
Qd3 Re7 28. Qd6 h5 29. h4 g5 30. hxg5 Rf5 31. Re5 Rxe5 32. Qxe5 Qg7 33. Qxg7+
Kxg7 34. Nd6 Kg6 35. Nc8 Re8 36. e7 Nc7 37. Nd6 Ra8 38. e8=Q+ Nxe8 39. Rxe8
Rxa2 40. Re3 1-0

[Event "16eme open Louviers"]
[Site "?"]
[Date "2013.05.09"]
[Round "3"]
[White "Arinal, Serge"]
[Black "Levesque, Thomas"]
[Result "0-1"]
[WhiteElo "1636"]
[BlackElo "1989"]
[PlyCount "98"]
[EventDate "2012.05.13"]
[SourceDate "2013.05.13"]

1. Nf3 Nf6 2. c4 g6 3. g3 Bg7 4. Bg2 d6 5. Nc3 O-O 6. O-O c6 7. d4 Bg4 8. Ng5
h6 9. Nge4 Nxe4 10. Nxe4 Na6 11. a3 f5 12. Nc3 e5 13. d5 c5 14. Qc2 g5 15. h3
Bh5 16. e4 f4 17. g4 Bg6 18. Bf3 Bf6 19. Bd2 Rf7 20. Nb5 Rh7 21. Kg2 Nc7 22.
Nxc7 Qxc7 23. b4 cxb4 24. axb4 b6 25. Ra6 Rc8 26. Rc1 Be8 27. Qa2 Qb8 28. Be2
Rhc7 29. c5 bxc5 30. Rxd6 Be7 31. Rxh6 Kg7 32. d6 Rc6 33. b5 Rxd6 34. Rxd6 Qxd6
35. Bc3 Rc7 36. Rd1 Qf6 37. Qa5 Rb7 38. Rd5 Bd6 39. Qa6 Rd7 40. Qc8 Qe7 41. Qc6
Rd8 42. Qa6 Bf7 43. Rd2 Bb8 44. Rxd8 Qxd8 45. Bxe5+ Bxe5 46. Qxa7 Qb8 47. Qxc5
Bg6 48. Qe7+ Kh6 49. Qe6 Qd6 0-1

[Event "16eme open Louviers"]
[Site "?"]
[Date "2013.05.09"]
[Round "3"]
[White "Vigneron, Frederic"]
[Black "Blondel, Jean-Michel"]
[Result "1-0"]
[WhiteElo "1923"]
[BlackElo "1541"]
[PlyCount "59"]
[EventDate "2012.05.13"]
[SourceDate "2013.05.13"]

1. d4 d5 2. c4 c6 3. Nf3 dxc4 4. a4 a6 5. e3 b5 6. axb5 cxb5 7. b3 cxb3 8.
Bxb5+ Bd7 9. Bc4 Nf6 10. Qxb3 e6 11. O-O Nc6 12. Bd2 Rb8 13. Qc2 a5 14. e4 Nb4
15. Bxb4 axb4 16. d5 exd5 17. exd5 Be7 18. d6 Bxd6 19. Re1+ Be7 20. Qe2 Bg4 21.
Nbd2 Rb7 22. Ba6 Rb8 23. Nb3 Bxf3 24. gxf3 Kf8 25. Rad1 Qc7 26. Rc1 Qd6 27. Nd4
Bd8 28. Nc6 Rb6 29. Rcd1 Nd5 30. Qe8# 1-0

[Event "16eme open Louviers"]
[Site "?"]
[Date "2013.05.09"]
[Round "3"]
[White "Deheij, Gerrit"]
[Black "Andrieu, Philippe"]
[Result "0-1"]
[WhiteElo "1720"]
[BlackElo "1898"]
[PlyCount "86"]
[EventDate "2012.05.13"]
[SourceDate "2013.05.13"]

1. e4 c5 2. Bc4 Nc6 3. Nf3 e6 4. Nc3 a6 5. a3 b5 6. Be2 Bb7 7. d4 cxd4 8. Nxd4
Bc5 9. Be3 Qb6 10. Ndxb5 axb5 11. Nxb5 Bxe3 12. fxe3 Nf6 13. Nd6+ Kf8 14. Qd2
Ba6 15. O-O-O Rb8 16. b3 Bxe2 17. Qxe2 Qc5 18. b4 Nxb4 19. axb4 Rxb4 20. Rd3
Ke7 21. Kd2 {(=)} Qa5 22. Rc1 Rb6+ 23. Kd1 Rxd6 24. Rxd6 Kxd6 25. Qd3+ Ke7 26.
Qd4 Rc8 27. e5 Nd5 28. c4 Qa4+ 29. Kd2 Qa3 30. Rc2 Qb4+ 31. Ke2 Rc6 32. g3 Qb3
33. Rc1 Qa2+ 34. Kf3 Nb6 35. c5 Nd5 36. Ra1 Qxh2 37. e4 Qh5+ 38. Kf2 Qh2+ 39.
Kf3 Qc2 40. exd5 exd5 41. Qh4+ f6 42. exf6+ Rxf6+ 43. Ke3 Qc3+ 0-1

[Event "16eme open Louviers"]
[Site "?"]
[Date "2013.05.09"]
[Round "3"]
[White "Guillaumat, Jean-Pierre"]
[Black "Grenet, Dominique"]
[Result "*"]
[WhiteElo "1848"]
[BlackElo "1489"]
[PlyCount "73"]
[EventDate "2012.05.13"]
[SourceDate "2013.05.13"]

1. d4 Nf6 2. Nf3 d6 3. c4 g6 4. Nc3 Bg7 5. e4 Bg4 6. Be2 O-O 7. Be3 Nc6 8. h3
Bd7 9. O-O e5 10. d5 Nb4 11. c5 Re8 12. a3 Na6 13. b4 c6 14. dxc6 Bc8 15. cxd6
bxc6 16. Qa4 Nb8 17. Rfd1 Qd7 18. Rd2 Bf8 19. Rad1 Qb7 20. Qa5 Nbd7 21. g4 h6
22. Nh4 Qb8 23. Bc4 Kg7 24. f3 h5 25. g5 Nh7 26. Bf1 Re6 27. Qc7 Qxc7 28. dxc7
Re7 29. Rd6 Bb7 30. Rxd7 Rc8 31. f4 Rxc7 32. Rxc7 Rxc7 33. f5 f6 34. gxf6+ Kxf6
35. Nxg6 Rg7 36. Kh2 Rg8 37. Rd7 *